000 00505cam a22001337a 4500
008 180718b1951 xxu||||| |||| 00| 0 eng d
082 _aC61x768 Si21
100 _aSiffin, Catherine Fox
245 _aShadow over the city, special legislation for Tennessee municipalities
_cby Catherine Fox Siffin
260 _aKnoxville
_bBureau of Public Administration
_c1951
300 _axiii, 80p
440 _aUniversity of Tennessee record extension series; vol. xxvii, no. 3
650 _aBills, Private --Tennessee
999 _c498023
_d498023